Thomas Watson Sr. và IBM : Xác lập công thức tư duy

Xác lập công thức tư duy là quyển sách gói trọn mọi công thức để thành công, mọi bí quyết để dẫn đầu thế giới, và cả những cách vượt qua khó khăn, thử thách của Thomas Watson Sr - người lãnh đạo IBM trong 40 năm nửa đầu thế kỷ XX....

תיאור מלא

שמור ב:
מידע ביבליוגרפי
מחבר ראשי: Nguyễn, Hoàng Nhật Tân
פורמט: ספר
שפה:Undetermined
יצא לאור: Thành phố Hồ Chí Minh PACE 2007
נושאים:
תגים: הוספת תג
אין תגיות, היה/י הראשונ/ה לתייג את הרשומה!
Thư viện lưu trữ: Trung tâm Học liệu Trường Đại học Cần Thơ
LEADER 01067nam a2200217Ia 4500
001 CTU_128811
008 210402s9999 xx 000 0 und d
020 |c 43000 
082 |a 174.4 
082 |b T121 
100 |a Nguyễn, Hoàng Nhật Tân 
245 0 |a Thomas Watson Sr. và IBM : 
245 0 |b Xác lập công thức tư duy 
245 0 |c Tác giả Nguyễn Hoàng Nhật Tân 
260 |a Thành phố Hồ Chí Minh 
260 |b PACE 
260 |c 2007 
520 |a Xác lập công thức tư duy là quyển sách gói trọn mọi công thức để thành công, mọi bí quyết để dẫn đầu thế giới, và cả những cách vượt qua khó khăn, thử thách của Thomas Watson Sr - người lãnh đạo IBM trong 40 năm nửa đầu thế kỷ XX. 
650 |a Business ethics,Success in business,Thành công trong kinh doanh,Đạo đức kinh doanh 
904 |i Hiếu 
980 |a Trung tâm Học liệu Trường Đại học Cần Thơ